000 01203nam0a22003131 4500
001 rc\4213850
005 20250611133917.0
021 _aRU
_b[52-11090]
035 _a(NLR Aleph) 008210701
090 _a8094953
_c8094953
100 _a20130415d1951 |||y0rusy50 ca
101 1 _arus
_ceng
102 _aRU
105 _ay g |||||
200 1 _aМорские порты капиталистических стран
_eСправочник
_fСост. А. Хард
_gПер. с 4-го англ. изд. Р.Р. Оберга
_gПод ред. В.Г. Бакаева
210 _aМосква
_cИзд-во иностр. лит.
_d1951
215 _a604 с.
_d27
300 _aЗагл. оригинала: Ports of the world
300 _aНа переплете сост. не указан
517 0 _aPorts of the world
606 _aПорты морские
_yКапиталистические страны
_jСправочники
_2psbo
700 1 _aХард
_bА.
_gАрчибальд
_4220
702 1 _aОберг
_bР.Р.
_4730
702 1 _aБакаев
_bВ.Г.
_4340
801 0 _aRU
_bNLR
_gpsbo
801 1 _aRU
_bELAR
_2rusmarc
852 _aNLR
_jС500-120/Х20
942 _cBOOK
980 _aNB